Indeksacija dochodov na osnove potrebitel'skoj korzinki.

Možnosť využitia spotrebných cien na korekciu príjmov. Rozdiel spotrebných cien a indexu životných nákladov. Zohľadnenie rôznej úrovne sociálno-ekonomických skupín pri indexácii cien. Existenčné a životné minimum. Dôchodcovia a metódy indexácie.

Salvato in:
Dettagli Bibliografici
Autore principale: Pogosov, I.
Natura: Capitolo di libro
Lingua:russo
Soggetti:
Tags: Aggiungi Tag
Nessun Tag, puoi essere il primo ad aggiungerne!!

MARC

LEADER 00000naa a2200000 4500
001 r004884
005 20221130103005.2
041 0 |a rus 
044 |a [SU] 
245 1 0 |a Indeksacija dochodov na osnove potrebitel'skoj korzinki.  |c I. Pogosov 
520 |a Možnosť využitia spotrebných cien na korekciu príjmov. Rozdiel spotrebných cien a indexu životných nákladov. Zohľadnenie rôznej úrovne sociálno-ekonomických skupín pri indexácii cien. Existenčné a životné minimum. Dôchodcovia a metódy indexácie. 
610 2 0 |a ceny maloobchodné 
610 2 0 |a index nákladov životných 
610 2 0 |a indexy cenové 
610 2 0 |a kôš spotrebný 
610 2 0 |a príjmy 
610 2 0 |a minimum existenčné 
610 2 0 |a dôchodcovia 
100 1 |a Pogosov, I.